000
00282nam a22001097a 4500
082
_a
629.2 MOT'A
100
_a
AVTOEXPORT
_9
76678
245
_a
MOTOR VEHICLES A3-69M, TA3-69 AM, YA3-450, YA3-450A AND YA3-450-1
260
_a
MOSCOW
_b
ARTOEXPORT
_c
1960
300
_a
461P
942
_c
BK
999
_c
582030
_d
582030